Egy estém Sacival Írósztár a popsztár? /

Elmentve itt :
Bibliográfiai részletek
Szerző: Halász Miklós
Dokumentumtípus: Cikk
Megjelent: 1985-11-10
Sorozat:Délmagyarország 75 No. 263
Kulcsszavak:klubok
Online Access:http://dmarchiv.bibl.u-szeged.hu/115501
LEADER 00462nab a2200157 i 4500
001 delm115501
005 20190906114350.0
008 190906s1985 hu o 0|| hun d
040 |a SZTE Délmagyarország Archívum  |b hun 
041 |a hun 
100 1 |a Halász Miklós 
245 1 0 |a Egy estém Sacival   |h [elektronikus dokumentum] :  |b Írósztár a popsztár? /  |c  Halász Miklós 
260 |c 1985-11-10 
300 |a 5 
490 0 |a Délmagyarország  |v 75 No. 263 
695 |a klubok